MARC details
| 000 -LÍDER |
| campo de controle de tamanho fixo |
01259naa a22003497a 4500 |
| 001 - NÚMERO DE CONTROLE |
| campo de controle |
BR8203498 |
| 003 - IDENTIFICADOR DO NÚMERO DE CONTROLE |
| campo de controle |
BR-BrBNA |
| 005 - DATA E HORÁRIO DA ÚLTIMA TRANSAÇÃO |
| campo de controle |
20240918175119.0 |
| 007 - CAMPO FIXO DE DESCRIÇÃO FÍSICA--INFORMAÇÃO GERAL |
| campo de controle de tamanho fixo |
ta |
| 008 - CAMPO DE DADOS FIXOS--INFORMAÇÃO GERAL |
| campo de controle de tamanho fixo |
230509b bl.||||| |||| 00| 0 por d |
| 040 ## - FONTE DA CATALOGAÇÃO |
| Instituição da catalogação original |
BR-BrBNA |
| Idioma da catalogação |
por |
| Instituição que transcreveu o registro |
Biblioteca Nacional de Agricultura |
| 041 ## - CÓDIGO DE IDIOMA |
| Código do idioma do texto/trilha sonora ou título diferente |
(Pt) |
| 072 ## - CÓDIGO DE CATEGORIA DE ASSUNTO |
| Código de Categoria de Assunto |
E10; E15; E50 |
| Código do objeto |
/G514 |
| 090 ## - NÚMERO DE CHAMADA LOCAL |
| Número de chamada |
E10 BR8203498 |
| 110 1# - ENTRADA PRINCIPAL--NOME CORPORATIVO |
| Nome corporativo ou nome da jurisdição |
Federacao dos Trabalhadores na Agricultura do Estado do Parana, Curitiba (Brasil) |
| 9 (RLIN) |
4667 |
| 111 1# - ENTRADA PRINCIPAL--NOME DO EVENTO |
| Nome do evento ou lugar |
2. Reuniao Nacional sobre Mao-de-Obra Volante na Agricultura |
| Local do evento |
Botucatu, SP (Brazil) |
| Data do evento ou assinatura do tratado |
3 Dec 1976 |
| 245 1# - TÍTULO |
| Título |
Trabalhador volante (boia-fria)[mao-de-obra, Parana, Brasil] |
| 260 3# - PUBLICAÇÃO, DISTRIBUIÇÃO, ETC. |
| Local de publicação, distribuição, etc. |
Botucatu, SP (Brasil): |
| Nome do editor, distribuidor, etc. |
Ed. Polis, |
| Data da publicação, distribuição, etc. |
1982. |
| 500 ## - NOTA GERAL |
| Nota geral |
Mao-de-obra volante na agricultura<br/>Botucatu, SP (Brasil): Ed. Polis, 1982. p. 77-85<br/>(BR8203498-AM)E10<br/> |
| 650 ## - ASSUNTO--TERMO TÓPICO |
| Cabeçalho tópico ou nome geográfico |
MAO-DE-OBRA |
| 650 ## - ASSUNTO--TERMO TÓPICO |
| Cabeçalho tópico ou nome geográfico |
TRABALHADOR RURAL |
| 650 ## - ASSUNTO--TERMO TÓPICO |
| Cabeçalho tópico ou nome geográfico |
MEEIRO |
| 650 ## - ASSUNTO--TERMO TÓPICO |
| Cabeçalho tópico ou nome geográfico |
SALARIO |
| 650 ## - ASSUNTO--TERMO TÓPICO |
| Cabeçalho tópico ou nome geográfico |
SINDICATO |
| 650 ## - ASSUNTO--TERMO TÓPICO |
| Cabeçalho tópico ou nome geográfico |
LEGISLACAO TRABALHISTA |
| 650 ## - ASSUNTO--TERMO TÓPICO |
| Cabeçalho tópico ou nome geográfico |
ESTATUTO DA TERRA |
| 650 ## - ASSUNTO--TERMO TÓPICO |
| Cabeçalho tópico ou nome geográfico |
REFORMA AGRARIA |
| 650 ## - ASSUNTO--TERMO TÓPICO |
| Cabeçalho tópico ou nome geográfico |
PARANA |
| 773 0# - ENTRADA ANALÍTICA |
| Título |
Mao-de-obra volante na agricultura |
| Número de controle do registro |
E10 BR8203498 |
| Partes relacionadas |
Botucatu, SP (Brasil), 1982. p. 77-85 |
| 909 ## - |
| -- |
202404 |
| -- |
Lucia |
| -- |
55 |
| -- |
Lucia Elande |
| 942 ## - ELEMENTOS DE ENTRADA ADICIONADOS (KOHA) |
| Tipo de material Koha |
Capítulo-Livro |
| Fonte da classificação ou esquema de arquivamento na estante |
Classificação AGRIS |